000 00835nam a22001937a 4500
003 OSt
005 20250211174006.0
008 241005b |||||||| |||| 00| 0 eng d
040 _c0
100 _aTumulak, Darlene B.
_eauthor.
_962350
245 _aA web-based research management system for research and publication enter of UM Digos College with file encryption using aes algorithm /
_cDarlene B. Tumulak, Efchi Y. Borinaga, Dan Michael Ladezel, and Eduard L. Pulvera.
260 _aPhilippines ;
_bUniversity of Mindanao,
_c2022.
300 _avolume 14, pages 453-494,
_billustration.
500 _aResearch Journal, v. 14, iss. 1, pages 453-494, 2022.
700 _aTumulak, Darlene B.
_eauthor.
_962350
700 _aLadezel, Dan Michael.
_eauthor.
_964597
700 _aPulvera, Eduard L.
_eauthor.
_964598
942 _2ddc
_cPER
999 _c22253
_d22253